| 000 | 00574nam a22001695i 4500 | ||
|---|---|---|---|
| 001 | 165926 | ||
| 003 | ES-MaACL | ||
| 005 | 20230906213230.0 | ||
| 008 | 940301s1844 gw |||| | eng d | ||
| 040 |
_aAS _bspa |
||
| 100 | 1 |
_aSwift, Jonathan. _9108944 |
|
| 245 | 1 | 0 |
_aGulliver's travels into several remote nations of the world / _cby Jonathan Swift ; with a sketch of his life. |
| 260 |
_aLeipzig : _bBernhard Tauchnitz, _c1844. |
||
| 300 |
_a341 p. ; _c16 cm. |
||
| 596 | 1 | _aEn anteport. figura como fecha de reimp. 1920. | |
| 852 |
_aES-MaACL _jG-12896 _z-- Enc. hol. |
||
| 999 |
_c165926 _d165926 |
||